000
00241nam a22001097a 4500
082
_a
330
100
_a
Kant,Amitabh
_9
83785
245
_a
Made in India
260
_a
New Delhi
_b
Rupa Publication
_c
2023
650
_a
Economics
942
_c
BK
999
_c
68755
_d
68755